បងប្អូនពីរនាក់ / (Record no. 4574)

MARC details
000 -LEADER
fixed length control field 02155nam a22003137a 4500
001 - CONTROL NUMBER
control field 4574
003 - CONTROL NUMBER IDENTIFIER
control field FISKH
005 - DATE AND TIME OF LATEST TRANSACTION
control field 20240917105356.0
008 - FIXED-LENGTH DATA ELEMENTS--GENERAL INFORMATION
fixed length control field 240917b cb ||||| |||| 00| 0 eng d
020 ## - INTERNATIONAL STANDARD BOOK NUMBER
International Standard Book Number 9789996389276
040 ## - CATALOGING SOURCE
Original cataloging agency FISKH
Language of cataloging Khmer
Transcribing agency FISKH
Modifying agency FISKH
050 ## - LIBRARY OF CONGRESS CALL NUMBER
Classification number PZ7
082 ## - DEWEY DECIMAL CLASSIFICATION NUMBER
Classification number 800
100 ## - MAIN ENTRY--PERSONAL NAME
Personal name Anonymous
Relator term author
245 ## - TITLE STATEMENT
Title បងប្អូនពីរនាក់ /
Statement of responsibility, etc. by Anonymous
250 ## - EDITION STATEMENT
Edition statement បោះពុម្ពឆ្នាំ២០១៥
260 ## - PUBLICATION, DISTRIBUTION, ETC.
Place of publication, distribution, etc. ភ្នំពេញ :
Name of publisher, distributor, etc. អផ្សុក ;
Date of publication, distribution, etc. ២០១៥ .
300 ## - PHYSICAL DESCRIPTION
Extent 12 pages :
Other physical details color illustrations ;
Dimensions 22 cm .
490 ## - SERIES STATEMENT
Series statement នីទានអប់រំសម្រាប់កុមារ
505 ## - FORMATTED CONTENTS NOTE
Formatted contents note H <br/>
520 ## - SUMMARY, ETC.
Summary, etc. មានស្វាពីរក្បាលជាបងប្អូននឺងគ្នា ។ ថ្ងៃមួយពួកគេបាននាំគ្នាចូលព្រៃដើម្បើទៅលេងម្តាយ។ នៅក្នុងព្រៃមានព្រានព្រៃដ៏សាហាវម្នាក់គេចង់សម្លាប់មេស្វា ស្វាបងក៏ឃាត់ ភ្លាមនោះស្វាប្អូនក៏មកដល់ ដោយក្តីលោភលន់ព្រានព្រៃក៏សំលាប់ស្វាទាំងបី ។ភ្លាមនោះព្រានព្រៃបានឃើញប្រពន្ធនិងកូនរបស់ខ្លួនស្លាប់ឌោយសាររន្ទះបាញ់ ហើយក៏ត្រូវស្លាប់ដោយសារព្រះធរណីស្រូប​។​
520 ## - SUMMARY, ETC.
Summary, etc. There are two monkeys as brothers. One day, they went into the forest to visit their mother.In the forest, there was a ferocious hunter who wanted to kill the monkey. The monkey stopped him. The monkey came and greedily killed the three monkeys. And also died by the earth.
521 8# - TARGET AUDIENCE NOTE
Target audience note 430 <br/>
Source Lexile estimate <br/>
521 8# - TARGET AUDIENCE NOTE
Target audience note H <br/>
Source Raz-Plus <br/>
650 ## - SUBJECT ADDED ENTRY--TOPICAL TERM
Topical term or geographic name entry element ព្រានព្រៃ
650 ## - SUBJECT ADDED ENTRY--TOPICAL TERM
Topical term or geographic name entry element hunter
942 ## - ADDED ENTRY ELEMENTS (KOHA)
Source of classification or shelving scheme Dewey Decimal Classification
Koha item type Khmer Books
Suppress in OPAC No
Holdings
Withdrawn status Lost status Source of classification or shelving scheme Damaged status Not for loan Collection Home library Current library Shelving location Date acquired Total Checkouts Full call number Barcode Date due Date last seen Date last checked out Copy number Price effective from Koha item type Public note
Withdrawn   Dewey Decimal Classification     Khmer Language Books / សៀវភៅភាសាខ្មែរ Footprints International School Library Network Toul Kork Campus Footprints International School Library Network Toul Kork Campus TTP Primary Khmer Bookshelves 09/17/2024 1 ANO PZ7 800 FIS03845 07/29/2025 07/15/2025 07/15/2025 1 09/17/2024 Khmer Books Lost
    Dewey Decimal Classification     Khmer Language Books / សៀវភៅភាសាខ្មែរ Footprints International School Library Network Toul Kork Campus Footprints International School Library Network Toul Kork Campus TK Old Khmer Books (Rear Hallway Shelf 3) 09/02/2025   ANO PZ7 800 FISTKG2B046   09/02/2025   3 09/02/2025 Khmer Books  
    Dewey Decimal Classification     Khmer Language Books / សៀវភៅភាសាខ្មែរ Footprints International School Library Network Toul Kork Campus Footprints International School Library Network Toul Kork Campus TK Old Khmer Books (Rear Hallway Shelf 3) 09/02/2025 1 ANO PZ7 800 FISTK04579   03/16/2026 10/10/2025 4 09/02/2025 Khmer Books  
    Dewey Decimal Classification     Khmer Language Books / សៀវភៅភាសាខ្មែរ Footprints International School Library Network Toul Kork Campus Footprints International School Library Network Toul Kork Campus TK Old Khmer Books (Rear Hallway Shelf 3) 09/02/2025 1 ANO PZ7 800 FISBK03767   03/16/2026 10/10/2025 5 09/02/2025 Khmer Books  
    Dewey Decimal Classification     Khmer Language Books / សៀវភៅភាសាខ្មែរ Footprints International School Library Network Toul Kork Campus Footprints International School Library Network Toul Tom Poung Campus TTP Primary Khmer Bookshelves 09/17/2024 1 ANO PZ7 800 FIS03965   09/30/2025 07/15/2025 2 09/17/2024 Khmer Books  
    Dewey Decimal Classification     Khmer Language Books / សៀវភៅភាសាខ្មែរ Footprints International School Library Network Toul Tom Poung Campus Footprints International School Library Network Toul Tom Poung Campus TTP Primary Khmer Bookshelves 10/03/2025   ANO PZ7 800 FISBK072210   10/03/2025   6 10/03/2025 Khmer Books  
    Dewey Decimal Classification     Khmer Language Books / សៀវភៅភាសាខ្មែរ Footprints International School Library Network Toul Tom Poung Campus Footprints International School Library Network Toul Tom Poung Campus TTP Primary Khmer Bookshelves 10/22/2025   ANO PZ7 800 2025-4698   10/22/2025   7 10/22/2025 Khmer Books  
    Dewey Decimal Classification     Khmer Language Books / សៀវភៅភាសាខ្មែរ Footprints International School Library Network Toul Tom Poung Campus Footprints International School Library Network Toul Tom Poung Campus TTP Primary Khmer Bookshelves 10/24/2025   ANO PZ7 800 FIS03926   10/24/2025   8 10/24/2025 Khmer Books  
    Dewey Decimal Classification     Khmer Language Books / សៀវភៅភាសាខ្មែរ Footprints International School Library Network Toul Tom Poung Campus Footprints International School Library Network Toul Tom Poung Campus TTP Primary Khmer Bookshelves 11/11/2025   ANO PZ7 800 FIS03946   11/11/2025   9 11/11/2025 Khmer Books  
    Dewey Decimal Classification     Khmer Language Books / សៀវភៅភាសាខ្មែរ Footprints International School Library Network Toul Tom Poung Campus Footprints International School Library Network Toul Tom Poung Campus TTP Primary Khmer Bookshelves 12/11/2025   ANO PZ7 800 FIS04357   12/11/2025   10 12/11/2025 Khmer Books